Plan de desarrollo urbano para la ciudad de granada en el periodo 2022-2037
El siguiente trabajo monográfico es sobre la elaboración de un plan de desarrollo urbano para la ciudad de Granada, abarcando los aspectos físicos, históricos, legales y económicos, identificando las problemáticas, potenciales y limitantes que presenta la ciudad a través del diagnóstico-pron...
| Main Authors: | , , |
|---|---|
| Other Authors: | |
| Format: | Tesis Section = Libro |
| Language: | Undetermined Spanish |
| Published: |
Managua
UNI
2023
|
| Subjects: |
| LEADER | 01336nam a2200277Ia 4500 | ||
|---|---|---|---|
| 008 | 240830s9999 xx 000 0 und d | ||
| 040 | |a BIBLIOTECA-RUSB/ Mon 711.4 G934 | ||
| 041 | |a spa | ||
| 082 | |a Mon 711.4 G934 | ||
| 100 | 1 | |a Guerra Vargas, Angélica Lisseth | |
| 100 | 1 | |b Barrantes Solís, Isra Victoria | |
| 100 | 1 | |c Iglesias Rodríguez, Joshua Amaru | |
| 245 | 1 | 0 | |a Plan de desarrollo urbano para la ciudad de granada en el periodo 2022-2037 |
| 260 | |a Managua |b UNI |c 2023 | ||
| 300 | |a 144 p. :il. | ||
| 500 | |a Contiene: anexos y CD. | ||
| 502 | |a Tesis (Arquitecto) - UNI, 2023. | ||
| 520 | 3 | |a El siguiente trabajo monográfico es sobre la elaboración de un plan de desarrollo urbano para la ciudad de Granada, abarcando los aspectos físicos, históricos, legales y económicos, identificando las problemáticas, potenciales y limitantes que presenta la ciudad a través del diagnóstico-pronostico elaborando un plan de desarrollo urbano de acciones de intervenciones a corto, mediano y largo plazo. | |
| 650 | 7 | |a PLANES Y PLANIFICACION DE LA CIUDAD - GRANADA | |
| 650 | 7 | |b ORDENAMIENTO TERRITORIAL - GRANADA | |
| 650 | 7 | |c DESARROLLO URBANO – GRANADA | |
| 650 | 7 | |d ESTRUCTURA URBANA | |
| 700 | 1 | |a Tutor: |b Rodríguez Rodríguez, Antonio Orlando | |
| 942 | |c BK |2 ddc | ||
| 991 | |a TESIS | ||
| 999 | |c 27808 | ||